[Event "Turkish Club Cup 2019"]
[Site "Konya"]
[Date "2019.07.17"]
[Round "2"]
[White "Yasin, Hur"]
[Black "Memis, Furkan"]
[Result "0-1"]
[WhiteElo "1953"]
[BlackElo "1691"]
[Annotator "NA"]
[PlyCount "115"]
[EventDate "2019.07.16"]
[EventType "team-tourn"]
[EventCountry "TUR"]
[SourceTitle "playchess.com"]
[Source "ChessBase"]
[SourceQuality "1"]
[TimeControl "5400+30"]

1. d4 {[%emt 0:00:30]} Nf6 {[%emt 0:00:30]} 2. Nc3 {[%emt 0:00:30]} d5 {[%emt 0:03:30]} 3. Bf4 {[%emt 0:00:30]} a6 {[%emt 0:01:30]} 4. f3 {[%emt 0:02:30]} (4. e3 b5 5. Nf3 Bb7 6. Bd3 e6 7. Ne2 Nbd7 8. O-O Ne4 9. Ng3 g5 10. Be5 Rg8 11. Bxe4 dxe4 {0-1 (44) Alekseenko,K (2638)-Kovalev,V (2683) St Petersburg 2018}) 4... Bf5 {[%emt 0:02:30]} 5. g4 {[%emt 0:00:30]} Bg6 {[%emt 0:00:30]} 6. h4 {[%emt 0:00:30] D00: 1 d4 d5: Unusual lines} h5 $146 {[%emt 0:06:30]} ({Predecessor:} 6... h6 7. e3 e6 8. h5 Bh7 9. Bd3 Bxd3 10. Qxd3 c5 11. Nge2 {1-0 (52) Vieira,A (1859)-Seccafim,C (1528) Sao Paulo 2017}) 7. g5 {[%emt 0:00:30]} Ng8 {[%emt 0:00:30]} 8. e4 {[%emt 0:01:30]} c6 {[%emt 0:13:30]} 9. Qd2 {[%emt 0:01:30]} e6 {[%emt 0:00:30]} 10. a3 {[%emt 0:07:30]} Bd6 {[%emt 0:09:30]} 11. Nge2 {[%emt 0:02:30]} Qc7 {[%emt 0:11:30]} 12. O-O-O {[%emt 0:00:30]} Nd7 {[%emt 0:00:30]} 13. Bxd6 {[%emt 0:06:30]} Qxd6 {[%emt 0:00:30]} 14. Nf4 {[%emt 0:00:30]} Ne7 {[%emt 0:00:30]} 15. Bd3 {[%emt 0:02:30]} dxe4 {[%emt 0:10:30]} 16. Bxe4 {[%emt 0:01:30]} Bf5 {[%emt 0:00:30]} 17. Bxf5 {[%emt 0:00:30]} exf5 {[%emt 0:00:30]} 18. Rhe1 {[%emt 0:04:30]} O-O-O {[%emt 0:03:30]} 19. Nce2 {[%emt 0:08:30]} Nb6 {[%emt 0:01:30]} 20. Qd3 {[%emt 0:01:30]} g6 {[%emt 0:03:30]} 21. c4 {[%emt 0:00:30]} c5 $14 {[%emt 0:01:30]} 22. d5 {[%emt 0:03:30]} Nd7 {[%emt 0:02:30]} 23. Qc3 {[%emt 0:02:30]} Rhe8 {[%emt 0:01:30]} 24. Rd3 {[%emt 0:07:30]} Kb8 {[%emt 0:02:30]} 25. Ng2 {[%emt 0:09:30]} Nc8 {[%emt 0:03:58]} 26. Nef4 {[%emt 0:00:30]} Rxe1+ {[%emt 0:01:26]} 27. Qxe1 {[%emt 0:00:30]} Ne5 {[%emt 0:00:00]} 28. Rc3 {[%emt 0:00:30]} Nb6 {[%emt 0:02:12]} 29. b3 {[%emt 0:00:30]} Nbd7 {[%emt 0:00:28]} 30. Re3 {[%emt 0:00:30]} Ka7 {[%emt 0:02:08]} 31. Kc2 {[%emt 0:00:30]} Re8 {[%emt 0:01:44]} 32. Qe2 {[%emt 0:01:30]} Rc8 {[%emt 0:00:42]} 33. Nd3 {[%emt 0:04:30]} Nxd3 {[%emt 0:01:09]} 34. Kxd3 {[%emt 0:00:30]} b5 {[%emt 0:00:43]} 35. Re7 {[%emt 0:04:30]} Rc7 {[%emt 0:00:30]} 36. Kc3 {[%emt 0:00:30]} bxc4 {[%emt 0:00:30]} 37. bxc4 {[%emt 0:00:30]} Rb7 {[%emt 0:00:30]} 38. Ne1 {[%emt 0:00:30]} Qb6 {[%emt 0:00:30]} 39. Qa2 {[%emt 0:10:03]} Qd8 {[%emt 0:01:26]} 40. Re2 {[%emt 0:06:03]} Qa5+ {[%emt 0:01:07]} 41. Kd3 {[%emt 0:01:43]} Qa4 {[%emt 0:02:34]} 42. Kc3 {[%emt 0:01:33]} Qa5+ {[%emt 0:02:19]} 43. Kd3 {[%emt 0:01:13]} Nb6 {[%emt 0:00:08]} 44. Ng2 {[%emt 0:02:02]} Na4 {[%emt 0:01:57]} 45. Rc2 {[%emt 0:00:11]} Qc7 {[%emt 0:00:31]} 46. f4 {[%emt 0:01:14]} Qb8 {[%emt 0:00:23]} 47. Ke2 {[%emt 0:01:42]} Nc3+ {[%emt 0:01:40]} 48. Rxc3 {[%emt 0:01:13]} Rb2+ {[%emt 0:00:32]} 49. Rc2 {[%emt 0:00:43]} Rxa2 {[%emt 0:00:01]} 50. Rxa2 {[%emt 0:00:00]} Qb3 {[%emt 0:00:00]} 51. Rd2 {[%emt 0:00:18]} Qxc4+ {[%emt 0:00:00]} 52. Kf2 {[%emt 0:01:09]} Qc3 {[%emt 0:00:25]} 53. Ke2 {[%emt 0:00:08]} Kb7 {[%emt 0:01:28]} 54. d6 {[%emt 0:00:26]} Kc8 {[%emt 0:00:24]} 55. d7+ {[%emt 0:02:35]} Kd8 {[%emt 0:00:31]} 56. Ne3 {[%emt 0:00:03]} c4 {[%emt 0:00:41]} 57. Nc2 {[%emt 0:01:26]} Qg3 {[%emt 0:01:27]} 58. Nb4 {[%emt 0:01:15]} 0-1

[Event "Turkish Club Cup 2019"]
[Site "Konya"]
[Date "2019.07.17"]
[Round "2"]
[White "Salman, Ilhan Serhat"]
[Black "Sarikas, Ertan"]
[Result "1/2-1/2"]
[WhiteElo "1950"]
[BlackElo "1612"]
[Annotator "NA"]
[PlyCount "128"]
[EventDate "2019.07.16"]
[EventType "team-tourn"]
[EventCountry "TUR"]
[SourceTitle "playchess.com"]
[Source "ChessBase"]
[SourceQuality "1"]
[TimeControl "5400+30"]

1. d4 {[%emt 0:00:30]} d5 {[%emt 0:00:30]} 2. Bg5 {[%emt 0:00:00]} c5 {[%emt 0:02:30]} 3. Nc3 {[%emt 0:03:00]} Nf6 {[%emt 0:04:30]} 4. e3 {[%emt 0:03:30]} e6 {[%emt 0:02:30]} 5. Nf3 {[%emt 0:00:30]} cxd4 {[%emt 0:03:30]} (5... Nc6 6. a3 h6 7. Bh4 Be7 8. dxc5 Bxc5 9. Bd3 O-O 10. O-O Be7 11. Re1 b6 12. Qe2 Bb7 {0-1 (54) Rapport,R (2707)-Andriasian,Z (2585) Riadh 2017}) 6. Qxd4 {[%emt 0:01:30] D01: Veresov Opening} Be7 {[%emt 0:01:30]} 7. Bb5+ $146 {[%emt 0:03:30]} ({Predecessor:} 7. Bxf6 Bxf6 8. Qb4 Nc6 9. Bb5 Bd7 10. Bxc6 Bxc6 11. Nb5 Be7 12. Qb3 O-O {0-1 (39) Cisneros,F-Lamban,C San Jose 1997}) 7... Bd7 {[%emt 0:01:30]} 8. Bxd7+ {[%emt 0:03:30]} Nbxd7 {[%emt 0:03:30]} 9. O-O {[%emt 0:00:30]} O-O {[%emt 0:00:30]} 10. Rad1 {[%emt 0:01:30]} Qc7 {[%emt 0:09:30]} 11. Rfe1 {[%emt 0:04:30]} Rfd8 {[%emt 0:04:30]} 12. Nd2 {[%emt 0:24:30]} Nf8 {[%emt 0:12:30]} 13. Bf4 {[%emt 0:08:30]} Qc5 {[%emt 0:05:30]} 14. Qd3 {[%emt 0:15:30]} a6 {[%emt 0:04:30]} 15. Nb3 {[%emt 0:00:30]} Qa7 {[%emt 0:04:30]} 16. Ne2 {[%emt 0:12:48]} Rac8 {[%emt 0:04:30]} 17. h3 {[%emt 0:01:40]} Ng6 {[%emt 0:02:30]} 18. c3 {[%emt 0:01:49]} Nxf4 {[%emt 0:04:30]} 19. exf4 {[%emt 0:00:06]} Ne4 {[%emt 0:01:30]} 20. Ned4 {[%emt 0:00:48]} Qb8 {[%emt 0:01:30]} 21. f3 {[%emt 0:03:00]} Nc5 {[%emt 0:02:30]} 22. Qe3 {[%emt 0:00:34]} Nxb3 {[%emt 0:00:30]} 23. Nxb3 {[%emt 0:01:58]} Bh4 {[%emt 0:04:18]} 24. Re2 {[%emt 0:00:44]} Bg3 {[%emt 0:01:46]} 25. Rd4 {[%emt 0:00:38]} Rc4 {[%emt 0:01:16]} 26. f5 {[%emt 0:00:59]} exf5 {[%emt 0:04:19]} 27. Rxd5 {[%emt 0:00:13]} Rcc8 {[%emt 0:00:55]} 28. Rxd8+ {[%emt 0:00:46]} Rxd8 {[%emt 0:00:06]} 29. Nd4 {[%emt 0:00:33]} h6 {[%emt 0:03:53]} 30. Qe7 {[%emt 0:01:35]} Bd6 {[%emt 0:01:21]} 31. Qh4 {[%emt 0:01:02]} Bc5 {[%emt 0:00:54]} 32. Kh1 {[%emt 0:01:57]} Bxd4 {[%emt 0:00:50]} 33. cxd4 {[%emt 0:00:03]} Qd6 {[%emt 0:00:00]} 34. Rd2 {[%emt 0:01:53]} Rc8 {[%emt 0:00:26]} 35. Qe1 {[%emt 0:01:02]} Rc4 {[%emt 0:04:32]} 36. d5 {[%emt 0:01:33]} Rc5 {[%emt 0:00:24]} 37. Qd1 {[%emt 0:00:31]} b5 {[%emt 0:01:13]} 38. Qb3 {[%emt 0:00:41]} Rc1+ {[%emt 0:02:25]} 39. Rd1 {[%emt 0:00:30]} Rxd1+ {[%emt 0:00:30]} 40. Qxd1 {[%emt 0:00:00]} Kf8 {[%emt 0:00:00]} 41. Qd4 {[%emt 0:00:00]} g6 {[%emt 0:00:46]} 42. b4 {[%emt 0:00:21]} Ke8 {[%emt 0:01:06]} 43. Kg1 {[%emt 0:00:24]} Kd7 {[%emt 0:00:36]} 44. Kf2 {[%emt 0:00:31]} h5 {[%emt 0:00:35]} 45. f4 {[%emt 0:01:49]} Kd8 {[%emt 0:01:07]} 46. Ke3 {[%emt 0:00:23]} Qe7+ {[%emt 0:00:00]} 47. Kd2 {[%emt 0:00:37]} Qe4 {[%emt 0:00:30]} 48. Qb6+ {[%emt 0:00:17]} Kd7 {[%emt 0:00:54]} 49. Qc6+ {[%emt 0:00:14]} Kd8 {[%emt 0:00:15]} 50. Qd6+ {[%emt 0:00:15]} Ke8 {[%emt 0:00:21]} 51. Qb8+ {[%emt 0:00:17]} Kd7 {[%emt 0:00:10]} 52. Qb7+ {[%emt 0:00:05]} Kd8 {[%emt 0:00:01]} 53. Qa8+ {[%emt 0:01:22]} Kd7 $11 {[%emt 0:00:30]} 54. Qa7+ {[%emt 0:00:30]} Kd8 {[%emt 0:00:00]} 55. Qb8+ {[%emt 0:00:15]} Kd7 {[%emt 0:00:13]} 56. Qb7+ {[%emt 0:00:00]} Kd8 {[%emt 0:00:00]} 57. Qb6+ {[%emt 0:00:00]} Kd7 {[%emt 0:00:35]} 58. Qc6+ {[%emt 0:00:23]} Kd8 {[%emt 0:00:00]} 59. Qd6+ {[%emt 0:01:12]} Ke8 {[%emt 0:00:00]} 60. Qb8+ {[%emt 0:01:24]} Kd7 {[%emt 0:00:19]} 61. Qb7+ {[%emt 0:00:30]} Kd8 {[%emt 0:00:00]} 62. Qb6+ {[%emt 0:00:09]} Kd7 {[%emt 0:00:00]} 63. Qc6+ {[%emt 0:00:48]} Kd8 {[%emt 0:00:00]} 64. Qf6+ {[%emt 0:00:40]} Ke8 {[%emt 0:00:58]} 1/2-1/2

[Event "Turkish Club Cup 2019"]
[Site "Konya"]
[Date "2019.07.17"]
[Round "2"]
[White "Sayin, Atakan"]
[Black "Tugmen, Alperen"]
[Result "1/2-1/2"]
[WhiteElo "1925"]
[BlackElo "1410"]
[Annotator "NA"]
[PlyCount "131"]
[EventDate "2019.07.16"]
[EventType "team-tourn"]
[EventCountry "TUR"]
[SourceTitle "playchess.com"]
[Source "ChessBase"]
[SourceQuality "1"]
[TimeControl "5400+30"]

1. e4 {[%emt 0:00:30]} e6 {[%emt 0:00:30]} 2. d4 {[%emt 0:00:30]} b6 {[%emt 0:00:30]} 3. a3 {[%emt 0:01:30]} Bb7 {[%emt 0:01:30]} 4. Nc3 {[%emt 0:00:30]} d6 {[%emt 0:01:30]} 5. Bd3 {[%emt 0:04:30]} Nd7 {[%emt 0:01:30]} 6. Nf3 {[%emt 0:00:30]} g6 {[%emt 0:02:30]} 7. O-O {[%emt 0:04:30]} Bg7 {[%emt 0:01:30]} 8. Bg5 {[%emt 0:00:30]} Ne7 {[%emt 0:02:30]} 9. Qd2 {[%emt 0:02:30]} h6 {[%emt 0:06:30]} 10. Be3 {[%emt 0:09:30]} g5 {[%emt 0:20:30]} 11. h3 {[%emt 0:05:30]} a6 {[%emt 0:12:30]} 12. Nh2 {[%emt 0:02:30]} c5 {[%emt 0:05:30]} 13. dxc5 {[%emt 0:16:30]} Nxc5 {[%emt 0:09:30]} 14. f4 $11 {[%emt 0:00:30]} gxf4 {[%emt 0:12:24]} 15. Bxc5 {[%emt 0:04:30]} bxc5 {[%emt 0:08:06]} 16. Qxf4 {[%emt 0:02:30]} Rf8 {[%emt 0:01:21]} 17. Ng4 {[%emt 0:06:30]} Ng6 {[%emt 0:03:26]} 18. Qf3 {[%emt 0:04:30]} Qe7 {[%emt 0:03:38]} 19. Qe2 {[%emt 0:08:30]} Ne5 {[%emt 0:01:52]} 20. Ne3 {[%emt 0:07:04]} Qg5 {[%emt 0:01:05]} 21. Rae1 {[%emt 0:02:13]} Nxd3 {[%emt 0:00:47]} 22. Qxd3 {[%emt 0:02:59]} Bd4 {[%emt 0:00:42]} 23. Kh1 {[%emt 0:03:14]} Qg6 {[%emt 0:00:49]} 24. Nf5 {[%emt 0:01:01]} Kd7 {[%emt 0:00:46]} 25. Nxd4 {[%emt 0:00:36]} cxd4 {[%emt 0:00:08]} 26. Qxd4 {[%emt 0:00:40]} Rac8 {[%emt 0:00:40]} 27. Rd1 {[%emt 0:01:53]} Rc6 {[%emt 0:00:42]} 28. Qf6 {[%emt 0:03:06]} Qxf6 {[%emt 0:00:39]} 29. Rxf6 {[%emt 0:00:02]} Rb6 {[%emt 0:00:17]} 30. e5 {[%emt 0:00:43]} Ke7 {[%emt 0:00:32]} 31. Rxh6 {[%emt 0:02:17]} dxe5 {[%emt 0:00:22]} 32. b4 {[%emt 0:02:03]} Rc6 {[%emt 0:00:30]} 33. Ne4 {[%emt 0:00:47]} Rxc2 {[%emt 0:00:37]} 34. Nc5 {[%emt 0:00:53]} Bxg2+ {[%emt 0:00:27]} 35. Kg1 {[%emt 0:00:20]} Bc6 {[%emt 0:00:33]} 36. Rh4 {[%emt 0:00:30]} Rg8+ {[%emt 0:00:25]} 37. Rg4 {[%emt 0:00:47]} Rxg4+ {[%emt 0:00:22]} 38. hxg4 {[%emt 0:00:00]} Rg2+ {[%emt 0:00:30]} 39. Kf1 {[%emt 0:00:04]} Rxg4 {[%emt 0:00:09]} 40. Nd3 {[%emt 0:00:58]} Bb5 {[%emt 0:00:35]} 41. Kf2 {[%emt 0:00:13]} Rd4 {[%emt 0:00:46]} 42. Nb2 {[%emt 0:00:08]} Rxd1 {[%emt 0:00:20]} 43. Nxd1 {[%emt 0:00:30]} Kd6 {[%emt 0:00:30]} 44. Nc3 {[%emt 0:00:30]} f5 {[%emt 0:00:30]} 45. Kf3 {[%emt 0:00:30]} e4+ {[%emt 0:00:30]} 46. Kf4 {[%emt 0:00:30]} e5+ {[%emt 0:00:30]} 47. Kxf5 {[%emt 0:00:30]} e3 {[%emt 0:00:30]} 48. Ne4+ {[%emt 0:01:31]} Kd5 {[%emt 0:01:01]} 49. Ng5 {[%emt 0:00:10]} e2 {[%emt 0:00:20]} 50. Nf3 {[%emt 0:00:07]} e4 {[%emt 0:00:21]} 51. Ne1 {[%emt 0:00:06]} Kd4 {[%emt 0:00:30]} 52. Kf4 {[%emt 0:00:05]} Bd3 {[%emt 0:00:23]} 53. a4 {[%emt 0:00:57]} Kc4 {[%emt 0:00:23]} 54. b5 {[%emt 0:00:37]} axb5 {[%emt 0:00:30]} 55. axb5 {[%emt 0:00:30]} Kxb5 {[%emt 0:00:00]} 56. Ke3 {[%emt 0:00:00]} Kc4 {[%emt 0:00:28]} 57. Kd2 {[%emt 0:00:00]} Kd4 {[%emt 0:00:48]} 58. Ng2 {[%emt 0:00:00]} Kc4 {[%emt 0:00:48]} 59. Nf4 {[%emt 0:00:14]} Kd4 {[%emt 0:00:15]} 60. Nxe2+ {[%emt 0:01:02]} Bxe2 {[%emt 0:01:14]} 61. Kxe2 {[%emt 0:00:06]} e3 {[%emt 0:00:23]} 62. Ke1 {[%emt 0:00:22]} Kc3 {[%emt 0:00:07]} 63. Ke2 {[%emt 0:00:14]} Kd4 {[%emt 0:00:15]} 64. Ke1 {[%emt 0:00:30]} Ke4 {[%emt 0:00:00]} 65. Ke2 {[%emt 0:00:00]} Kf4 {[%emt 0:00:28]} 66. Ke1 {[%emt 0:00:08]} 1/2-1/2

[Event "Turkish Club Cup 2019"]
[Site "Konya"]
[Date "2019.07.17"]
[Round "2"]
[White "Sahin, Senol"]
[Black "Ozdover, Mustafa Berkay"]
[Result "0-1"]
[WhiteElo "1922"]
[BlackElo "2130"]
[Annotator "ChessBase"]
[PlyCount "84"]
[EventDate "2019.07.16"]
[EventType "team-tourn"]
[EventCountry "TUR"]
[SourceTitle "playchess.com"]
[Source "ChessBase"]
[SourceQuality "1"]
[TimeControl "5400+30"]

1. e4 {[%emt 0:00:30]} c6 {[%emt 0:02:30]} 2. Nc3 {[%emt 0:07:30]} d5 {[%emt 0:01:30]} 3. Nf3 {[%emt 0:00:00]} Bg4 {[%emt 0:08:30]} 4. h3 {[%emt 0:00:00]} Bxf3 {[%emt 0:01:30]} 5. Qxf3 {[%emt 0:00:00]} e6 {[%emt 0:03:30]} 6. d4 {[%emt 0:11:00]} dxe4 {[%emt 0:17:30]} 7. Nxe4 {[%emt 0:01:30]} Qxd4 {[%emt 0:02:30]} 8. Bd3 {[%emt 0:00:30]} Nd7 {[%emt 0:12:30]} 9. Be3 {[%emt 0:06:30]} Qb4+ {[%emt 0:03:30]} 10. Bd2 {[%emt 0:03:30]} Ne5 {[%emt 0:06:30]} 11. Qg3 {[%emt 0:06:30]} Nxd3+ {[%emt 0:00:30]} 12. cxd3 {[%emt 0:00:30]} Qe7 {[%emt 0:09:30]} 13. O-O {[%emt 0:00:30]} Nf6 {[%emt 0:01:30]} 14. Rfe1 {[%emt 0:02:30]} Nd5 {[%emt 0:02:30]} 15. b4 {[%emt 0:05:30]} Qc7 {[%emt 0:02:30]} 16. f4 {[%emt 0:01:30]} g6 {[%emt 0:02:41]} 17. Qf2 {[%emt 0:11:30]} Bg7 {[%emt 0:07:23]} 18. Rac1 {[%emt 0:01:30]} O-O {[%emt 0:00:13]} 19. Kh1 {[%emt 0:01:30]} Rad8 {[%emt 0:04:46]} 20. g4 {[%emt 0:01:30]} Nf6 {[%emt 0:01:16]} 21. g5 {[%emt 0:16:30]} Nh5 {[%emt 0:02:54]} 22. b5 {[%emt 0:07:38]} Rxd3 {[%emt 0:01:59]} 23. bxc6 {[%emt 0:00:17]} bxc6 {[%emt 0:01:36]} 24. Be3 {[%emt 0:04:31]} a5 {[%emt 0:01:16]} 25. Qc2 {[%emt 0:00:33]} Rfd8 {[%emt 0:00:43]} 26. Qxc6 {[%emt 0:01:59]} Qb8 {[%emt 0:00:29]} 27. Nc5 {[%emt 0:00:52]} R3d6 {[%emt 0:01:08]} 28. Qb7 {[%emt 0:00:23]} Rd5 {[%emt 0:00:17]} 29. Qxb8 {[%emt 0:01:00]} Rxb8 {[%emt 0:00:01]} 30. Rb1 {[%emt 0:00:57]} Rc8 {[%emt 0:00:06]} 31. Rec1 {[%emt 0:02:11]} Bd4 {[%emt 0:00:23]} 32. Bxd4 {[%emt 0:03:36]} Rxd4 {[%emt 0:00:02]} 33. Nb3 {[%emt 0:00:57]} Rxc1+ {[%emt 0:00:30]} 34. Rxc1 {[%emt 0:00:00]} Rxf4 {[%emt 0:00:00]} 35. Rc8+ {[%emt 0:00:43]} Kg7 {[%emt 0:00:00]} 36. Ra8 {[%emt 0:00:00]} a4 {[%emt 0:00:46]} 37. Nc5 {[%emt 0:00:00]} Rc4 {[%emt 0:00:11]} 38. Rc8 {[%emt 0:02:11]} Rc1+ {[%emt 0:03:08]} 39. Kg2 {[%emt 0:00:30]} Rc2+ {[%emt 0:00:00]} 40. Kf3 {[%emt 0:00:08]} Rxa2 {[%emt 0:00:12]} 41. Ne4 {[%emt 0:00:00]} Ra3+ {[%emt 0:00:58]} 42. Kg2 {[%emt 0:00:08]} Re3 {[%emt 0:00:00]} 0-1

[Event "Turkish Club Cup 2019"]
[Site "Konya"]
[Date "2019.07.17"]
[Round "2"]
[White "Demirbas, Emre"]
[Black "Senyuz, Mustafa Zorbey"]
[Result "0-1"]
[WhiteElo "1913"]
[BlackElo "1754"]
[Annotator "NA"]
[PlyCount "68"]
[EventDate "2019.07.16"]
[EventType "team-tourn"]
[EventCountry "TUR"]
[SourceTitle "playchess.com"]
[Source "ChessBase"]
[SourceQuality "1"]
[TimeControl "5400+30"]

1. Nf3 {[%emt 0:00:30]} Nf6 {[%emt 0:00:30]} 2. c4 {[%emt 0:00:30]} g6 {[%emt 0:00:30]} 3. b3 {[%emt 0:00:30]} Bg7 {[%emt 0:00:30]} 4. Bb2 {[%emt 0:00:30]} O-O {[%emt 0:00:30]} 5. g3 {[%emt 0:00:00]} d6 {[%emt 0:00:00]} 6. d4 {[%emt 0:00:00]} c6 {[%emt 0:00:00]} 7. Bg2 {[%emt 0:00:00]} Nbd7 {[%emt 0:00:30]} 8. O-O {[%emt 0:00:00]} Qc7 {[%emt 0:01:30]} 9. Nc3 {[%emt 0:00:00]} e5 {[%emt 0:00:00]} 10. e4 {[%emt 0:00:00]} Re8 {[%emt 0:04:00] E60: King's Indian: Unusual lines and Fianchetto Variation without Nc3} 11. Re1 {[%emt 0:00:00]} (11. h3 b6 12. d5 cxd5 13. cxd5 Ba6 14. Re1 Nc5 15. Bf1 Bxf1 16. Kxf1 Rec8 17. Kg2 a6 18. Qe2 {1-0 (57) Skoberne,J (2563)-Onischuk,V (2632) Batumi 2018}) 11... Nf8 {[%emt 0:00:30]} 12. h3 {[%emt 0:00:00]} a6 {[%emt 0:10:30]} 13. Qd2 {[%emt 0:04:30]} Bd7 {[%emt 0:01:30]} 14. Rad1 {[%emt 0:12:30]} Rad8 {[%emt 0:08:30]} 15. Qc1 {[%emt 0:10:30]} Bc8 $146 {[%emt 0:17:30]} ({Predecessor:} 15... h6 16. Ba3 Bc8 17. Re2 g5 18. Red2 exd4 19. Nxd4 {1-0 (29) Vlckova,K (1853)-Macura,E (2008) Kouty nad Desnou 2013}) 16. Qa1 {[%emt 0:04:30]} N6d7 {[%emt 0:05:30]} 17. b4 {[%emt 0:07:30]} exd4 {[%emt 0:03:30]} 18. Nxd4 {[%emt 0:00:30]} Ne5 {[%emt 0:01:30]} 19. Bf1 {[%emt 0:06:30]} Ne6 {[%emt 0:00:30]} 20. Kg2 {[%emt 0:10:30]} Qd7 $19 {[%emt 0:00:30]} 21. Nce2 {[%emt 0:08:30]} Nxd4 {[%emt 0:12:30]} 22. Nxd4 {[%emt 0:00:30]} Qxh3+ {[%emt 0:00:30]} 23. Kg1 {[%emt 0:00:30]} Qh5 {[%emt 0:00:00]} 24. f4 {[%emt 0:06:30]} c5 {[%emt 0:04:00]} 25. fxe5 {[%emt 0:02:30]} cxd4 {[%emt 0:00:30]} 26. Bxd4 {[%emt 0:05:30]} dxe5 {[%emt 0:03:30]} 27. Bb6 {[%emt 0:05:04]} Rxd1 {[%emt 0:01:30]} 28. Qxd1 {[%emt 0:00:03]} Qg5 {[%emt 0:01:30]} 29. Qf3 {[%emt 0:05:01]} Qd2 {[%emt 0:01:30]} 30. Rd1 {[%emt 0:06:27]} Qxb4 {[%emt 0:01:30]} 31. c5 {[%emt 0:00:00]} Be6 {[%emt 0:01:06]} 32. a3 {[%emt 0:00:30]} Qa4 {[%emt 0:01:04]} 33. Bc7 {[%emt 0:02:31]} h5 {[%emt 0:01:48]} 34. Qe3 {[%emt 0:01:06]} Qxd1 {[%emt 0:00:15]} 0-1

[Event "Turkish Club Cup 2019"]
[Site "Konya"]
[Date "2019.07.17"]
[Round "2"]
[White "Guder, Eyup Sabri"]
[Black "Dinler, Oral"]
[Result "1-0"]
[WhiteElo "1909"]
[BlackElo "1644"]
[Annotator "NA"]
[PlyCount "99"]
[EventDate "2019.07.16"]
[EventType "team-tourn"]
[EventCountry "TUR"]
[SourceTitle "playchess.com"]
[Source "ChessBase"]
[SourceQuality "1"]
[TimeControl "5400+30"]

1. d4 {[%emt 0:00:30]} f5 {[%emt 0:00:30]} 2. Bg5 {[%emt 0:00:30]} h6 {[%emt 0:01:30]} 3. Bh4 {[%emt 0:00:30]} g5 {[%emt 0:00:30]} 4. e3 {[%emt 0:00:00]} Nf6 {[%emt 0:02:30]} 5. Bg3 {[%emt 0:00:00]} Bg7 {[%emt 0:00:30]} 6. h4 {[%emt 0:00:30]} g4 {[%emt 0:05:30] A80: Dutch Defence: Unusual White second moves} 7. h5 {[%emt 0:01:30]} O-O {[%emt 0:06:30]} (7... d6 8. Ne2 Be6 9. Nf4 Bf7 10. Bb5+ c6 11. Bd3 Qd7 12. Nc3 Na6 13. a3 Nc7 14. Qe2 {1-0 (59) Predke,A (2604)-Potapov,P (2515) Khanty-Mansiysk 2018}) 8. Nc3 {[%emt 0:02:30]} d6 {[%emt 0:00:30]} 9. Nge2 {[%emt 0:00:30]} Be6 {[%emt 0:01:30]} 10. Nf4 {[%emt 0:09:30]} Bf7 {[%emt 0:01:30]} 11. Qd2 $146 {[%emt 0:07:30]} ({Predecessor:} 11. Bd3 e6 12. e4 Re8 13. exf5 exf5+ 14. Nce2 {1-0 (34) Antonsen,M (2475)-Haubro,M (2369) Gothenburg 2015}) 11... a6 {[%emt 0:04:30]} 12. O-O-O {[%emt 0:02:30]} b5 {[%emt 0:03:30]} 13. f3 {[%emt 0:01:30]} Nbd7 {[%emt 0:02:30]} 14. Bd3 {[%emt 0:06:30]} e6 {[%emt 0:04:30]} 15. e4 {[%emt 0:01:30]} e5 {[%emt 0:03:30]} 16. dxe5 {[%emt 0:02:30]} dxe5 {[%emt 0:03:30]} 17. Ng6 {[%emt 0:02:30]} Bxg6 {[%emt 0:01:30]} ({Avoid the trap} 17... Nxh5 $2 18. Bh4 $18) 18. hxg6 {[%emt 0:00:30]} f4 {[%emt 0:00:30]} 19. Bh4 {[%emt 0:00:30]} g3 $16 {[%emt 0:00:30]} 20. Nd5 {[%emt 0:01:30]} c6 {[%emt 0:03:30]} 21. Nxf6+ {[%emt 0:02:30]} Nxf6 {[%emt 0:00:30]} 22. Be2 {[%emt 0:01:30]} Qe8 {[%emt 0:05:30]} 23. Qd6 {[%emt 0:04:30]} Ra7 {[%emt 0:07:30]} 24. Qc5 {[%emt 0:06:30]} Rd7 {[%emt 0:06:30]} 25. Rxd7 {[%emt 0:04:30]} Qxd7 {[%emt 0:03:30]} 26. Rd1 {[%emt 0:00:30]} Qe6 {[%emt 0:05:30]} 27. b3 {[%emt 0:05:30]} Nd7 {[%emt 0:04:30]} 28. Qe7 {[%emt 0:02:30]} Qxg6 {[%emt 0:12:57]} 29. Rxd7 {[%emt 0:03:30]} Re8 {[%emt 0:02:54]} 30. Qxe8+ {[%emt 0:01:30]} Qxe8 {[%emt 0:00:42]} 31. Rd8 {[%emt 0:00:30]} Kf7 {[%emt 0:00:54]} 32. Rxe8 {[%emt 0:00:30]} Kxe8 {[%emt 0:00:00]} 33. Kd2 {[%emt 0:01:30]} Kd7 {[%emt 0:00:59]} 34. c4 {[%emt 0:00:30]} b4 {[%emt 0:01:12]} 35. c5 {[%emt 0:01:30]} a5 {[%emt 0:00:43]} 36. Bc4 {[%emt 0:04:30]} Bh8 {[%emt 0:01:24]} 37. Bf7 {[%emt 0:00:30]} Bg7 {[%emt 0:01:37]} 38. Kc2 {[%emt 0:02:30]} Bh8 {[%emt 0:01:51]} 39. Kb2 {[%emt 0:00:30]} Bg7 {[%emt 0:00:20]} 40. a3 {[%emt 0:02:01]} bxa3+ {[%emt 0:01:18]} 41. Kxa3 {[%emt 0:00:30]} Bf8 {[%emt 0:00:00]} 42. b4 {[%emt 0:00:00]} axb4+ {[%emt 0:01:04]} 43. Kxb4 {[%emt 0:00:29]} Bg7 {[%emt 0:00:27]} 44. Ka5 {[%emt 0:00:30]} Kc7 {[%emt 0:00:16]} 45. Ka6 {[%emt 0:02:06]} Bh8 {[%emt 0:00:41]} 46. Be6 {[%emt 0:00:37]} Bg7 {[%emt 0:00:32]} 47. Be7 {[%emt 0:00:07]} Bh8 {[%emt 0:00:57]} 48. Bd6+ {[%emt 0:00:09]} Kd8 {[%emt 0:00:21]} 49. Kb7 {[%emt 0:00:06]} Bg7 {[%emt 0:00:21]} 50. Kxc6 {[%emt 0:00:11]} 1-0